Paris Landmarks - Sudden Death - Statistics

General Stats
  • This quiz has been taken 315 times
    128 since last reset
  • The average score is 15 of 20
Answers on the Grid
Answers color-coded by a green-red scale on the quiz's grid according to % correct below.
Acropolis
Anne Frank House
Arc de Triomphe
Basilique du Sacré Cœur
Brandenburg Gate
Centre Pompidou
Champ de Mars
Champs-Élysées
Checkpoint Charlie
Circuit Gilles Vileneuve
Colosseum
Eiffel Tower
French Quarter
Gateway Arch
Grand Palais
Hôtel des Invalides
Île de la Cité
Jardin du Luxembourg
La Sagrada Familia
Lascaux Caves
Leaning Tower of Paris
Louvre
Millau Viaduct
Moulin Rouge
Mount Blanc
Mount Royal
Musée d’Orsay
Neuschwanstein Castle
Notre Dame Cathedral
Panthéon
Père Lachaise Cemetery
Place de la Concorde
Pont Neuf
Sainte-Chapelle
Schönbrunn Palace
Statue of Liberty
Stonehenge
The Shard
Trevi Fountain
Tuileries Garden
 
Answer Stats
Answer % Correct
Arc de Triomphe
95%
Champs-Élysées
91%
Basilique du Sacré Cœur
89%
Eiffel Tower
88%
Centre Pompidou
86%
Louvre
83%
Hôtel des Invalides
80%
Notre Dame Cathedral
77%
Moulin Rouge
76%
Place de la Concorde
76%
Père Lachaise Cemetery
74%
Champ de Mars
73%
Musée d’Orsay
70%
Sainte-Chapelle
70%
Tuileries Garden
70%
Île de la Cité
68%
Jardin du Luxembourg
64%
Pont Neuf
64%
Grand Palais
56%
Panthéon
50%
No matching quizzes found
Score Distribution
Percent of People with Each Score
Percentile by Number Answered
Your Score History
You have not taken this quiz since the last reset